Nákupní chování se výrazně mění

Úloha výskumu pri sledovaní nákupného správania. Kvalitné dáta ako rozhodujúci atribút výskumov. Význam zhromaždených dát pre trhovú stratégiu. Tendecia nakupovať dáta od špecializovaných firiem. Špecifiká českého trhu. Zhromažďovanie dát a sledovanie životného štýlu spotrebiteľov. Formy zbierania...

Descrizione completa

Salvato in:
Dettagli Bibliografici
Autore principale: Ševera, Michal
Natura: Capitolo di libro
Lingua:ceco
Soggetti:
Tags: Aggiungi Tag
Nessun Tag, puoi essere il primo ad aggiungerne!!

MARC

LEADER 00000naa$a2200000$$$4500
001 0059723
005 20231018130437.6
041 0 |a cze 
044 |a CZ 
245 1 0 |a Nákupní chování se výrazně mění  |c Michal Ševera 
520 |a Úloha výskumu pri sledovaní nákupného správania. Kvalitné dáta ako rozhodujúci atribút výskumov. Význam zhromaždených dát pre trhovú stratégiu. Tendecia nakupovať dáta od špecializovaných firiem. Špecifiká českého trhu. Zhromažďovanie dát a sledovanie životného štýlu spotrebiteľov. Formy zbierania dát. 
610 2 0 |a výskum trhu 
610 2 0 |a spotrebitelia 
610 2 0 |a báza dát 
610 2 0 |a agentúry 
610 2 0 |a nákup 
610 2 0 |a správanie spotrebiteľa 
610 2 0 |a štýl životný 
100 1 |a Ševera, Michal